Social democracia global
Na minha lista:
| Autor principal: | |
|---|---|
| Formato: | Livro |
| Idioma: | espanhol |
| Publicado em: |
Valparaíso
Foro de Altos Estudios Sociales
2008
|
| Edição: | 2a. ed |
| coleção: | Cuadernos del Foro de Valparaíso, 1
|
| Assuntos: | |
| Tags: |
Adicionar Tag
Sem tags, seja o primeiro a adicionar uma tag!
|
MARC
| LEADER | 00000nam a2200000 a 4500 | ||
|---|---|---|---|
| 001 | UCI7323 | ||
| 003 | CL-VaPUC | ||
| 008 | 080626e20080000CL |||||||||||||||||spa|d | ||
| 082 | 0 | 4 | |a 324.24072 |b HEL |2 21 |
| 100 | |a Held, David |e author |9 564896 | ||
| 245 | 1 | 0 | |a Social democracia global |
| 250 | |a 2a. ed | ||
| 300 | |a 42 p | ||
| 942 | |c BK | ||
| 945 | |d 20080626 00:00:00 |a rbrito | ||
| 260 | |a Valparaíso |b Foro de Altos Estudios Sociales |c 2008 | ||
| 650 | 7 | |a SOCIAL DEMOCRACIA |2 CL-VaPUC |9 481635 | |
| 650 | 0 | |a Partidos políticos |9 254999 | |
| 650 | 7 | |a FILOSOFIA POLITICA |2 CL-VaPUC |9 530536 | |
| 650 | 0 | |a Globalización |9 361930 | |
| 583 | |a last modification |c 20080626 00:00:00 |k Rodrigo Vera | ||
| 490 | 0 | |a Cuadernos del Foro de Valparaíso, 1 | |
| 999 | |c 330639 |d 330637 | ||
| 952 | |0 0 |1 0 |2 ddc |4 0 |6 324_240720000000000_HEL_2008 |7 0 |8 A |9 416308 |a BIBDER |b BIBDER |d 2019-11-22 |i 4452607 |o 324.24072 HEL 2008 |p 4452607 |r 2023-01-25 |w 2019-11-22 |y MX |k DER | ||